Online katalóg knižníc regiónu Turca

Kniha nepokoja (Record no. 22374)

MARC details
000 -LEADER
fixed length control field 01974cam a2200529 4500
001 - CONTROL NUMBER
control field 22374
003 - CONTROL NUMBER IDENTIFIER
control field VRT
005 - DATE AND TIME OF LATEST TRANSACTION
control field 20260327080837.0
008 - FIXED-LENGTH DATA ELEMENTS--GENERAL INFORMATION
fixed length control field 190410s2018 xo g h 000 e slo d
015 ## - NATIONAL BIBLIOGRAPHY NUMBER
National bibliography number SNBA2019/02
020 ## - INTERNATIONAL STANDARD BOOK NUMBER
International Standard Book Number 9788055164243
Qualifying information (viazané)
035 ## - SYSTEM CONTROL NUMBER
System control number a000635698
039 #9 - LEVEL OF BIBLIOGRAPHIC CONTROL AND CODING DETAIL [OBSOLETE]
Level of rules in bibliographic description 201912021136
Level of effort used to assign nonsubject heading access points schiebea
Level of effort used to assign subject headings 201907300852
Level of effort used to assign classification drlickoj
Level of effort used to assign subject headings 201907181441
Level of effort used to assign classification schiebea
Level of effort used to assign subject headings 201904101300
Level of effort used to assign classification sarkri
040 ## - CATALOGING SOURCE
Original cataloging agency ZKSE
Language of cataloging slo
Transcribing agency ZKSE
Modifying agency UKB
Description conventions rda
041 1# - LANGUAGE CODE
Language code of text/sound track or separate title slo
Language code of original por
044 ## - COUNTRY OF PUBLISHING/PRODUCING ENTITY CODE
MARC country code xo
ISO country code SK
072 #7 - SUBJECT CATEGORY CODE
Subject category code 821.134.3
Subject category code subdivision Portugalská literatúra
Source konspekt
072 #7 - SUBJECT CATEGORY CODE
Subject category code 929
Subject category code subdivision Biografie
Source konspekt
080 ## - UNIVERSAL DECIMAL CLASSIFICATION NUMBER
Universal Decimal Classification number 821.134.3-3
Edition identifier 2011
080 ## - UNIVERSAL DECIMAL CLASSIFICATION NUMBER
Universal Decimal Classification number (0:82-322.6)
Edition identifier 2011
080 ## - UNIVERSAL DECIMAL CLASSIFICATION NUMBER
Universal Decimal Classification number 929
Edition identifier 2011
080 ## - UNIVERSAL DECIMAL CLASSIFICATION NUMBER
Universal Decimal Classification number 821.134.3-051
Edition identifier 2011
080 ## - UNIVERSAL DECIMAL CLASSIFICATION NUMBER
Universal Decimal Classification number (093.3)
Edition identifier 2011
100 1# - MAIN ENTRY--PERSONAL NAME
Personal name Pessoa, Fernando,
Dates associated with a name 1888-1935
Relationship aut
240 10 - UNIFORM TITLE
Uniform title Livro do desassossego.
Language of a work Slovensky
245 10 - TITLE STATEMENT
Title Kniha nepokoja
Statement of responsibility, etc. Fernando Pessoa ; z portugalského originálu Livro do desassossego a s prihliadnutím k rozšírenému vydaniu ... preložila Lucia Halová ; predslov napísal Alcides Murtinheira ; výber zostavili Alcides Murtinheira, Lucia Halová a Barbora Kráľová
264 #1 - PRODUCTION, PUBLICATION, DISTRIBUTION, MANUFACTURE, AND COPYRIGHT NOTICE
Place of production, publication, distribution, manufacture Bratislava
Name of producer, publisher, distributor, manufacturer Ikar, a.s.
Date of production, publication, distribution, manufacture, or copyright notice 2018
300 ## - PHYSICAL DESCRIPTION
Extent 287 strán
Dimensions 21 cm
336 ## - CONTENT TYPE
Content type term text
Content type code txt
Source rdacontent
337 ## - MEDIA TYPE
Media type term bez média
Media type code n
Source rdamedia
338 ## - CARRIER TYPE
Carrier type term zväzok
Carrier type code nc
Source rdacarrier
490 1# - SERIES STATEMENT
Series statement Odeon
600 17 - SUBJECT ADDED ENTRY--PERSONAL NAME
Personal name Pessoa, Fernando,
Dates associated with a name 1888-1935
Source of heading or term UKBPH
648 #7 - SUBJECT ADDED ENTRY--CHRONOLOGICAL TERM
Chronological term 19.-20. storočie
Source of heading or term UKBPH
650 07 - SUBJECT ADDED ENTRY--TOPICAL TERM
Topical term or geographic name entry element portugalskí spisovatelia
Source of heading or term UKBPH
655 #7 - INDEX TERM--GENRE/FORM
Genre/form data or focus term portugalské prózy
Source of term UKBPH
655 #7 - INDEX TERM--GENRE/FORM
Genre/form data or focus term autobiografické prózy
Source of term UKBPH
655 #7 - INDEX TERM--GENRE/FORM
Genre/form data or focus term denníky
Source of term UKBPH
700 1# - ADDED ENTRY--PERSONAL NAME
Personal name Halová, Lucia,
Dates associated with a name 1979-
Relationship trl
-- com
700 1# - ADDED ENTRY--PERSONAL NAME
Personal name Murtinheira, Alcides
Relationship aui
-- com
700 1# - ADDED ENTRY--PERSONAL NAME
Personal name Kráľová, Barbora
Relationship com
830 #0 - SERIES ADDED ENTRY--UNIFORM TITLE
Uniform title Odeon
942 ## - ADDED ENTRY ELEMENTS (KOHA)
Source of classification or shelving scheme Dewey Decimal Classification
Koha item type Krásna literatúra pre dospelých
Suppress in OPAC No
949 ## - LOCAL PROCESSING INFORMATION (OCLC)
6 1800791525
a SK.D.86494
b PV.2019-8841
s 6707:20190731
949 ## - LOCAL PROCESSING INFORMATION (OCLC)
6 1800791526
a SJ.D.19502
b PV.2019-8843
Holdings
Stav vyradenia Strata Poškodenie Spôsob nadobudnutia Domovská knižnica Aktuálna knižnica Dátum nadobudnutia Total checkouts Čiarový kód exemplára Date last seen Typ exemplára
      Dar Obecná knižnica Turčianska Štiavnička Obecná knižnica Turčianska Štiavnička 27.03.2026   4738000770 27.03.2026 Krásna literatúra pre dospelých
Projekt je podporený Slovenskou asociáciou knižníc
Prevádzkuje Turčianska knižnica Martin 2026